Normal view
MARC view
- Restraint of trade
Entry Topical Term
001 - CONTROL NUMBER
- control field: 102942
003 - CONTROL NUMBER IDENTIFIER
- control field: NUST
005 - DATE AND TIME OF LATEST TRANSACTION
- control field: 20221117152840.0
008 - FIXED-LENGTH DATA ELEMENTS
- fixed length control field: 221117|| aca||aabn | a|a d
040 ## - CATALOGING SOURCE
- Original cataloging agency: NUST
- Transcribing agency: NUST
150 ## - HEADING--TOPICAL TERM
- Topical term or geographic name entry element: Restraint of trade
- Geographic subdivision: European Union countries
670 ## - SOURCE DATA FOUND
- Source citation: Work cat.: (NUST)0: Whish, Richard, author. 102939, Competition law /
